01657nam a22002297a 4500003000400000005001700004008004100021040002800062100005200090245028600142260004100428300005600469502019100525504005300716505027000769650007901039651006101118700004101179700003901220700005001259830011801309OSt20191009215654.0170814b xxu||||| |||| 00| 0 esp d cDO-SdBJHaDO-SdBJHbspa1 aÁngel Amauri, Félix Victorianoesustentante10aPropuesta de modernización de la Fuerza Aérea de República Dominicana 2016-2020: Análisis diagnóstico del Comando Norte / cFélix Victoriano Ángel Amauri, Fernan García Díaz, asesores Giovanni Tavera Estévez, Tebi Enrique Rodríguez Hernández aSanto Domingo Este :bINSUDE, c2015 axiii, 66 páginas, ilustraciones-tablas-gráficos aTrabajo de grado (Licenciatura en Ciencias Aeronáuticas) -- Instituto Superior para la Defensa (INSUDE). -- Academia Aérea Gral. De Brigada Piloto Frank Andrés Feliz Miranda, 2015. aIncluye referencias bibliográficas e índices aAntecedentes históricos de la Fuerza Aérea de República Dominicana. -- Aspectos generales del Comando Norte de la Fuerza Aérea de República Dominicana. -- Propuesta de modernización del Comando Norte de la Fuerza Aérea de República Dominicana, FARD 4aAnálisis del Comando Norte -- Modernización Fuerza Aérea (propuesta) 4aRepública Dominicana. Fuerza Aérea -- Comando Norte1 aFernan, García Díazesustentante1 aTavera Estévez, Giovannieasesor1 aRodríguez Hernández, Tebi Enriqueeasesor aINSUDE. Academia Aérea Gral. De Brig. Pil. Frank Andrés Feliz Miranda. Tesis y disertaciones académicas